000 00429nam a2200181Ia 4500
001 8421
005 20260306160608.0
008 260306t1983||||xx |||||||||||||| ||spa||
041 _aESP
082 _a370.946
_bV72
100 _aViñao Frago, Antonio
_eAUT
245 0 _aHistoria y educación en Murcia
260 _c1983
300 _a240 páginas :
_c24 cm.
650 _aGEN
654 _aCED
942 _cLIB
_dJUS
_fJUS
_2ddc
_n
999 _c8421
_d8421